Counties In Texas - Statistics

General Stats
  • This quiz has been taken 1,480 times
  • The average score is 88 of 254
Answer Stats
Answer % Correct
Dallas
81%
Harris
70%
Houston
69%
Austin
66%
El Paso
65%
Jack
61%
Jefferson
61%
Bexar
60%
Johnson
59%
Washington
59%
Galveston
56%
Jackson
56%
Travis
56%
Denton
54%
Lubbock
54%
Tarrant
54%
Brown
53%
Tyler
53%
Anderson
51%
Brazos
51%
Harrison
50%
Taylor
50%
Andrews
48%
Bowie
47%
Collin
47%
King
47%
Midland
47%
Bell
46%
Crockett
46%
Madison
46%
Orange
46%
Polk
46%
Franklin
45%
Pecos
45%
Brazoria
44%
Gray
44%
Lee
44%
Montgomery
44%
Smith
44%
Angelina
43%
Jones
43%
Aransas
42%
Nueces
42%
Parker
42%
Wichita
42%
Zapata
42%
Bee
41%
Colorado
41%
Comal
41%
Comanche
41%
Ellis
41%
Loving
41%
Cherokee
40%
Clay
40%
Uvalde
40%
Zavala
40%
Deaf Smith
39%
Grayson
39%
Hill
39%
Archer
38%
Baylor
38%
Cameron
38%
Hays
38%
Jasper
38%
Kenedy
38%
Kerr
38%
Sabine
38%
San Jacinto
38%
Tom Green
38%
Victoria
38%
Webb
38%
Young
38%
Bastrop
37%
Cass
37%
Chambers
37%
Fort Bend
37%
Gonzales
37%
Hardin
37%
Limestone
37%
Roberts
37%
Walker
37%
Erath
36%
Freestone
36%
Jeff Davis
36%
Jim Hogg
36%
Kaufman
36%
Red River
36%
Rockwall
36%
San Saba
36%
Van Zandt
36%
Wilson
36%
Wood
36%
Armstrong
35%
Blanco
35%
Cooke
35%
Hamilton
35%
Hudspeth
35%
Nacogdoches
35%
Newton
35%
Reagan
35%
Trinity
35%
Val Verde
35%
Waller
35%
Williamson
35%
Bandera
34%
Brewster
34%
Caldwell
34%
Edwards
34%
Frio
34%
Gregg
34%
Grimes
34%
Hall
34%
Henderson
34%
Hidalgo
34%
Llano
34%
Mason
34%
Morris
34%
Palo Pinto
34%
Sherman
34%
Wise
34%
Atascosa
33%
Carson
33%
Dawson
33%
Dimmit
33%
Fannin
33%
Goliad
33%
Guadalupe
33%
Marion
33%
Martin
33%
Navarro
33%
Wharton
33%
Calhoun
32%
Camp
32%
Coke
32%
Dallam
32%
Duval
32%
Ector
32%
Hale
32%
Hood
32%
Hunt
32%
Liberty
32%
Matagorda
32%
Presidio
32%
Robertson
32%
San Augustine
32%
Starr
32%
Stephens
32%
Upton
32%
Wheeler
32%
Yoakum
32%
Childress
31%
Coleman
31%
Garza
31%
Lamar
31%
Upshur
31%
Borden
30%
Burleson
30%
Burnet
30%
Fayette
30%
Floyd
30%
Jim Wells
30%
Leon
30%
Potter
30%
Randall
30%
Shelby
30%
Stonewall
30%
Throckmorton
30%
Bailey
29%
Crane
29%
Culberson
29%
Eastland
29%
Falls
29%
Karnes
29%
Kent
29%
Knox
29%
Lampasas
29%
Lavaca
29%
Maverick
29%
Moore
29%
Reeves
29%
Rusk
29%
San Patricio
29%
Ward
29%
Winkler
29%
Bosque
28%
Castro
28%
Collingsworth
28%
Glasscock
28%
Howard
28%
Lipscomb
28%
Mills
28%
Swisher
28%
Titus
28%
Fisher
27%
Gaines
27%
Medina
27%
Montague
27%
Motley
27%
Rains
27%
Terrell
27%
Brooks
26%
Callahan
26%
Cottle
26%
Crosby
26%
Gillespie
26%
Irion
26%
Kimble
26%
Kinney
26%
Kleberg
26%
McLennan
26%
Nolan
26%
Real
26%
Runnels
26%
Somervell
26%
Sutton
26%
Wilbarger
26%
Willacy
26%
Briscoe
25%
Cochran
25%
Concho
25%
Foard
25%
Hartley
25%
Kendall
25%
Lamb
25%
Live Oak
25%
Milam
25%
Mitchell
25%
Ochiltree
25%
Oldham
25%
Panola
25%
Delta
24%
DeWitt
24%
Haskell
24%
Hemphill
24%
La Salle
24%
Menard
24%
Refugio
24%
Scurry
24%
Terry
24%
Coryell
23%
Dickens
23%
Donley
23%
Hutchinson
23%
Lynn
23%
Sterling
23%
Hockley
22%
Hopkins
22%
Parmer
22%
Hansford
21%
McMullen
21%
Shackelford
21%
Hardeman
20%
Schleicher
17%
McCulloch
16%
No matching quizzes found
Score Distribution
Percent of People with Each Score
Percentile by Number Answered
Your Score History
You have not taken this quiz